Statistiken für Größte Städte Sachsens - Extrem

Klicken Sie hier um das Quiz zu spielen!

Allgemein

  • Dieses Quiz wurde 42 mal gespielt
  • Das Durchschnittsergebnis liegt bei 16 aus 24

Antwortstatistiken

EinwohnerStadt% Korrekt
248.563Chemnitz
100%
563.311Dresden
100%
616.093Leipzig
100%
87.172Zwickau
100%
38.140Bautzen
95%
56.574Görlitz
93%
64.763Plauen
90%
29.011Meißen
83%
40.485Freiberg
78%
39.054Pirna
78%
39.558Freital
73%
34.096Radebeul
70%
29.076Riesa
68%
24.794Zittau
68%
23.763Döbeln
53%
28.205Grimma
53%
31.356Hoyerswerda
48%
24.523Markkleeberg
48%
25.244Delitzsch
45%
21.951Glauchau
40%
20.512Coswig
33%
20.702Werdau
25%
23.833Limbach-Oberfrohna
20%
20.371Reichenbach im Vogtland
18%

Verteilung der Resultate

Perzentil nach korrekt beantworteten Fragen

Anzahl Personen mit jedem Resultat

Ihre Resultats-Entwicklung

Sie haben dieses Quiz noch nicht gespielt